Teoría y problemas de administración financiera (Registro nro. 2339)

Detalles MARC
000 -LEADER
fixed length control field 01344 a2200241 4500
001 - CONTROL NUMBER
control field 33301
005 - DATE AND TIME OF LATEST TRANSACTION
control field 20260407155626.0
008 - FIXED-LENGTH DATA ELEMENTS--GENERAL INFORMATION
fixed length control field 260407a1988 arg spa d
003 - CONTROL NUMBER IDENTIFIER
control field AR-UNSa-BCEJYS
040 ## - CATALOGING SOURCE
Original cataloging agency AR-UNSa-BCEJYS
Language of cataloging spa
Transcribing agency AR-UNSa-BCEJYS
080 ## - UNIVERSAL DECIMAL CLASSIFICATION NUMBER
Universal Decimal Classification number 658.15
Common auxiliary subdivision Administración financiera privada. Gestión financiera de empresas<br/>
020 ## - INTERNATIONAL STANDARD BOOK NUMBER
International Standard Book Number 968-422-048-0
041 ## - LANGUAGE CODE
Language code of text/sound track or separate title spa
100 1# - MAIN ENTRY--PERSONAL NAME
Personal name Shim, Jae K.
245 10 - TITLE STATEMENT
Title Teoría y problemas de administración financiera
264 #1 - PRODUCTION, PUBLICATION, DISTRIBUTION, MANUFACTURE, AND COPYRIGHT NOTICE
Place of production, publication, distribution, manufacture México :
Name of producer, publisher, distributor, manufacturer McGraw-Hill
Date of production, publication, distribution, manufacture, or copyright notice 1988
300 ## - PHYSICAL DESCRIPTION
Extent 464 p.
Dimensions 27 cm.
505 ## - FORMATTED CONTENTS NOTE
Formatted contents note 1. Introducción - 2. El análisis financiero - 3. Prónostico financiero, planeación y presupuesto - 4. Administración del capital de trabajo - 5. Financiación a corto plazo - 6. Valor del dinero en el tiempo - 7. Riesgo, utilidad y valor - 8. Presupuesto de capital (incluye arrendamiento) - 9. Presupuesto de capital bajo riesgo - 10. Costo de capital - 11. Apalancamiento y estructura de capital - 12. Política de dividendos - 13. Préstamos a termino y arrendamiento - 14. Deuda a largo plazo - 15. Acciones preferenciales y comunes - 16. Garantías y conversiones - 17. Fusiones y adquisiciones - 18. Quiebra y reorganización
590 ## - LOCAL NOTE (RLIN)
Local note niveau_biblio:m niveau_hierar:0
700 1# - ADDED ENTRY--PERSONAL NAME
Personal name Siegel, Joel G.
700 1# - ADDED ENTRY--PERSONAL NAME
Personal name Castell de Dueñas, Beatriz
942 ## - ADDED ENTRY ELEMENTS (KOHA)
Koha item type
Existencias
Withdrawn status Lost status Damaged status Not for loan Home library Current library Shelving location Date acquired Total checkouts Full call number Barcode Date last seen Price effective from Koha item type
        Biblioteca Prof. Eusebio Cleto del Rey Biblioteca Prof. Eusebio Cleto del Rey   07/04/2026   658.15 S556t L58752 07/04/2026 07/04/2026 Libro